000 00320nam a22001097a 4500
008 230619b xxu||||| |||| 00| 0 eng d
082 _a306.349
_bKAB 1990
245 _aRural Development in Eastern and Southern Africa
260 _aKenya
_bInternational DevelopmentResearch Centre
_c1990
300 _a383p
942 _2ddc
_cBK
999 _c1436
_d1436